Shetland Islands Map (easier version) - Statistics

General Stats
  • This quiz has been taken 136 times
  • The average score is 8 of 12
Answers on the Map
Answers color-coded by a green-red scale on the quiz's map according to % correct below.
 
Answer Stats
Area (ha) Islands % Correct
96,879 Mainland
94%
12,068 Unst
88%
21,211 Yell
84%
768 {Fair} Isle
80%
2,805 Bressay
64%
4,078 Fetlar
59%
1,265 Foula
58%
828 Papa {Stour}
57%
1,970 Whalsay
57%
515 East {Burra}
49%
743 West {Burra}
49%
1,773 Muckle Roe
30%
No matching quizzes found
Score Distribution
Percent of People with Each Score
Percentile by Number Answered
Your Score History
You have not taken this quiz